000 00249nam a22000977a 4500
999 _c515243
_d515243
082 _aTNC B11x5 P19/62
100 _aPatterson
_920509
245 _aSouth Asia: An intoductory bibliography
260 _aChicago
_bUniv. of Chicago
_c1962
300 _a345p.